| 000 | 00424nam a2200157Ia 4500 | ||
|---|---|---|---|
| 008 | 230917s9999||||xx |||||||||||||| ||und|| | ||
| 020 | _cPOU3.9 | ||
| 040 |
_e3602 _aMAIN |
||
| 041 | _aEnglish | ||
| 082 | _a320.942 B751P | ||
| 100 | _aBrennan, T | ||
| 245 | 0 | _aPolitics and government in Britain: An introductionary survey | |
| 260 |
_aCambridge _bCambridge University Press _c1972 |
||
| 300 | _ax, 352 p. | ||
| 942 | _cBK | ||
| 999 |
_c195136 _d195136 |
||